Анализ и разработка колонкового снаряда для бурения в сложных геологических условиях; Всероссийская научно-геологическая студенческая конференция имени М. А. Усова

Chi tiết về thư mục
Parent link:Всероссийская научно-геологическая студенческая конференция имени М. А. Усова.— 1996.— С. 38-39.
Tác giả chính: Орехов Е. В.
Ngôn ngữ:Tiếng Nga
Được phát hành: 1996
Những chủ đề:
Định dạng: Chương của sách
KOHA link:https://koha.lib.tpu.ru/cgi-bin/koha/opac-detail.pl?biblionumber=53211

MARC

LEADER 00000naa2a2200000 4500
001 53211
005 20231031045029.0
035 |a (RuTPU)RU\TPU\book\55799 
035 |a RU\TPU\book\55780 
090 |a 53211 
100 |a 20030617d1996 k y0rusy50 ca 
101 0 |a rus 
102 |a RU 
200 1 |a Анализ и разработка колонкового снаряда для бурения в сложных геологических условиях 
463 1 |0 (RuTPU)RU\TPU\book\1403  |t Всероссийская научно-геологическая студенческая конференция имени М. А. Усова  |o Тезисы докладов  |f ТПУ  |v С. 38-39.  |d 1996  |p 95с 
610 1 |a труды учёных ТПУ 
675 |a 55(063)  |v 3 
700 1 |a Орехов  |b Е. В. 
801 1 |a RU  |b 63413507  |c 20030617  |g PSBO 
801 2 |a RU  |b 63413507  |c 20081001  |g PSBO 
942 |c BK